| 000 | 00921nas a2200313 4500 | ||
|---|---|---|---|
| 001 | BR0604021 | ||
| 003 | BR-BrBNA | ||
| 005 | 20231205110354.0 | ||
| 007 | ta | ||
| 008 | 230509b bl.|||p| |||| 00| 00por d | ||
| 040 |
_aBR-BrBNA _bpor _cBiblioteca Nacional de Agricultura |
||
| 041 | _a(En) | ||
| 072 | _aF50; U10 | ||
| 100 | 1 | _aSilva, P.S.L. e | |
| 100 | 1 | _aBarbosa, Z. | |
| 100 | 1 | _aGonçalves, R.J. de S. | |
| 100 | 1 | _aSilva, P.I.B. e | |
| 100 | 1 | _aNunes, G.H. de S. | |
| 245 | 1 | _aSample size for the estimation of some sorghum traits | |
| 650 | _aSORGO | ||
| 650 | _aTAMANHO | ||
| 650 | _aESTATURA DE PLANTA | ||
| 650 | _aINFLORESCÊNCIA | ||
| 650 | _aMATÉRIA SECA | ||
| 650 | _aMÉTODO ESTATÍSTICO | ||
| 773 | 0 |
_tRevista Brasileira de Milho e Sorgo (Brazil) _xISSN 1676-689X _g(May-Aug 2005), v. 4(2) p. 149-160 _wBR0604021 |
|
| 909 |
_a202311 _bLúcia _c55 _dLúcia Elande |
||
| 942 |
_2AGRIS _n0 _cANA |
||
| 999 |
_c187145 _d187145 |
||